|
|
|
|
| LEADER |
00000nab a2200000 a 4500 |
| 001 |
vtls011110988 |
| 003 |
SK-MaSNL |
| 005 |
20260303150429.0 |
| 008 |
230222|2008 xo |||||||||||||||||slo| |
| 015 |
|
|
|a SNBRB
|
| 035 |
|
|
|a (uuid)63158260-45fe-4b4a-af64-66ac3b2887f6
|
| 035 |
|
|
|a (urnnbn)urn:nbn:sk:snk:ar-a08f1p
|
| 035 |
|
|
|a urn:nbn:sk:snk-ab9hou
|
| 040 |
|
|
|a SNKBUCL
|b slo
|c SNKBUCL
|e AACR2
|
| 041 |
0 |
|
|a slo
|
| 044 |
|
|
|a xo
|c SK
|
| 100 |
1 |
|
|a Görög, Augustín
|4 aut
|9 12064
|
| 245 |
1 |
0 |
|a ANALÝZA VPLYVU TECHNOLOGICKÝCH PARAMETROV NA DRSNOSŤ POVRCHU
|c Augustín Görög, Ingrid Görögová
|
| 246 |
3 |
|
|a ANALYSIS OF THE TECHNOLOGICAL PARAMETERS INFLUENCE ON THE SURFACE ROUGHNESS
|
| 700 |
1 |
|
|a Görögová, Ingrid
|4 aut
|9 614122
|
| 773 |
0 |
|
|t Vedecké práce Materiálovotechnologickej fakulty Slovenskej technickej univerzity v Bratislave so sídlom v Trnave
|g Č. 24 (2008), s. 47-52
|
| 954 |
|
|
|a odborná, vedecká literatúra pôvodná (slovenská)
|2 lita
|
| 958 |
|
|
|a OND
|
| 958 |
|
|
|a EUIPO
|
| 958 |
|
|
|a article13
|
| 999 |
|
|
|c 2010558
|d 2012488
|